1559 1696 1096 1219 1682 1262 1992 1764 1416 1754 1200 1158 1209 1283 1612 1396 1191 1603 1475 1624 1903 1923 1459 1774 1810 1243 1964 1344 1799 1241 1960 1580 1730 1438 1005 1363 1948 1802 1971 1283 1103 1792 1929 1240 1763 1137 1119 1873 1901 1055 1372 1815 1703 1727 1192 1455 1536 1363 1382 1191 1085 1868 1045 1055 1051 1853 1528 1744 1284 1905 1480 1773 1606 1480 1740 1134 2000 1031 1743 1991 1196 1217 1510 1956 1431 1270 1219 1926 1179 1814 1076 1746 1950 1120 1863 1486 1954 1784 1664 BCNSPRNW ULIB Ver.6.0+V

เปลี่ยนเป็นภาษาไทย

Change to English
 แสดงรายละเอียดบรรณานุกรม
  กลับหน้าหลัก

Brief Record : Get Marc (ISO 2709) : E-mail record : QR code < ปิดหน้าต่าง
LEADER : 00000nam 2200000uu 4500
001    13399127552
003     ULIB
008    210126s||||||||th 000 0 tha d
020    ^a9786163983046
060    ^aWY159^bพ236ก
100    ^aพิมพาภรณ์ กลั่นกลิ่น
245    ^aการพยาบาลเด็กเพื่อการสร้างเสริมสุขภาพ
250    ^aพิมพ์ครั้งที่ 2
260    ^aเชียงใหม่ :^bคณะพยาบาลศาสตร์ มหาวิทยาลัยเชียงใหม่.,^c2561
300    ^a239 หน้า :^bภาพประกอบ, ตาราง ;^c26 ซม.
650    ^aการพยาบาลเด็ก
650    ^aการสร้างเสริมสุขภาพ
710    ^aมหาวิทยาลัยเชียงใหม่. โครงการตำราคณะพยาบาลศาสตร์
945    ^p200^l0^i28507
945    ^p200^l0^i28508
945    ^p200^l0^i28509
945    ^p200^l0^i28510
945    ^p200^l0^i28511
945    ^p200^l0^i28512
945    ^p200^l0^i28513
945    ^p200^l0^i28514
945    ^p200^l0^i28515
945    ^p200^l0^i28516
999    ^aกัณชพร จุลอักษร
รายการนี้ยังไม่มีแท็ก
คุณยังไม่ได้ล็อกอิน คุณสามารถมีกิจกรรมร่วมกับเว็บไซต์ได้ แต่ต้องล็อกอินก่อน ::
  ล็อกอิน

รายการสื่อสารสนเทศ

ลำดับที่ ประเภท เลขเรียก/บาร์โค้ด สถานที่ สถานะ
1. หนังสือสำรอง
หนังสือสำรอง
WY159 พ236ก ฉ.1 
  Barcode: 28507
ห้องสมุดวิทยาเขตนครสวรรค์
►หนังสือทั่วไป:l:General Books
บนชั้น
2. วิทยาศาสตร์การแพทย์ และสุขภาพ
วิทยาศาสตร์การแพทย์ และสุขภาพ
WY159 พ236ก ฉ.10 
  Barcode: 28516
ห้องสมุดวิทยาเขตนครสวรรค์
►หนังสือทั่วไป:l:General Books
บนชั้น
3. วิทยาศาสตร์การแพทย์ และสุขภาพ
วิทยาศาสตร์การแพทย์ และสุขภาพ
WY159 พ236ก ฉ.2 
  Barcode: 28508
ห้องสมุดวิทยาเขตนครสวรรค์
►หนังสือทั่วไป:l:General Books
บนชั้น
4. วิทยาศาสตร์การแพทย์ และสุขภาพ
วิทยาศาสตร์การแพทย์ และสุขภาพ
WY159 พ236ก ฉ.3 
  Barcode: 28509
ห้องสมุดวิทยาเขตนครสวรรค์
►หนังสือทั่วไป:l:General Books
บนชั้น
5. วิทยาศาสตร์การแพทย์ และสุขภาพ
วิทยาศาสตร์การแพทย์ และสุขภาพ
WY159 พ236ก ฉ.4 
  Barcode: 28510
ห้องสมุดวิทยาเขตนครสวรรค์
►หนังสือทั่วไป:l:General Books
บนชั้น
6. วิทยาศาสตร์การแพทย์ และสุขภาพ
วิทยาศาสตร์การแพทย์ และสุขภาพ
WY159 พ236ก ฉ.5 
  Barcode: 28511
ห้องสมุดวิทยาเขตนครสวรรค์
►หนังสือทั่วไป:l:General Books
บนชั้น
7. วิทยาศาสตร์การแพทย์ และสุขภาพ
วิทยาศาสตร์การแพทย์ และสุขภาพ
WY159 พ236ก ฉ.6 
  Barcode: 28512
ห้องสมุดวิทยาเขตนครสวรรค์
►หนังสือทั่วไป:l:General Books
บนชั้น
8. วิทยาศาสตร์การแพทย์ และสุขภาพ
วิทยาศาสตร์การแพทย์ และสุขภาพ
WY159 พ236ก ฉ.7 
  Barcode: 28513
ห้องสมุดวิทยาเขตนครสวรรค์
►หนังสือทั่วไป:l:General Books
บนชั้น
9. วิทยาศาสตร์การแพทย์ และสุขภาพ
วิทยาศาสตร์การแพทย์ และสุขภาพ
WY159 พ236ก ฉ.8 
  Barcode: 28514
ห้องสมุดวิทยาเขตนครสวรรค์
►หนังสือทั่วไป:l:General Books
บนชั้น
10. วิทยาศาสตร์การแพทย์ และสุขภาพ
วิทยาศาสตร์การแพทย์ และสุขภาพ
WY159 พ236ก ฉ.9 
  Barcode: 28515
ห้องสมุดวิทยาเขตนครสวรรค์
►หนังสือทั่วไป:l:General Books
บนชั้น

รายการใกล้เคียง
    ชื่อเรื่อง [การพยาบาลเด็กเพื่อการสร้างเสริมสุขภาพ]

    ผู้แต่ง [พิมพาภรณ์ กลั่นกลิ่น]

    หัวเรื่อง [การพยาบาลเด็ก]
    หัวเรื่อง [การสร้างเสริมสุขภาพ]

BibComment


ยังไม่เคยถูกคอมเมนท์

คอมเมนท์ทรัพยากรรายการนี้
  คอมเมนท์: การพยาบาลเด็กเพื..


 Copyright 2026. Bcnsprnw @Library